000 00435nam a22001577a 4500
003 MPLRDC
005 20220104170451.0
008 210129b ||||| |||| 00| 0 eng d
082 _a050.1 RD v.11 1999
100 _aPETER DOCKRILL
245 _aREADER'S DIGEST. NOVEMBER 1999
_c
260 _a
_bREADER'S DIGEST INC.
_c1999
300 _b
650 _a连续性出版品; 期刊--READER'S DIGEST
942 _cBK
_o050.1 RD v.11 1999
999 _c57966
_d57956